Tilastot visalle K:lla alkavat Suomen kunnat

Klikkaa tästä pelataksesi tätä visaa!

Yleistilastot

  • Tätä visaa on pelattu 3 617 kertaa
  • Keskiarvotulos 35 / 56

Vastaustilastot

MaakuntaKunta% Oikein
LappiKemi
88%
Keski-PohjanmaaKokkola
86%
KymenlaaksoKouvola
86%
Pohjois-SavoKuopio
85%
KainuuKajaani
79%
UusimaaKerava
78%
KymenlaaksoKotka
78%
LappiKemijärvi
77%
Pohjois-PohjanmaaKuusamo
77%
Varsinais-SuomiKaarina
75%
Etelä-PohjanmaaKauhava
74%
LappiKittilä
72%
UusimaaKauniainen
71%
Keski-SuomiKeuruu
71%
Pohjois-PohjanmaaKalajoki
70%
Pohjois-PohjanmaaKempele
70%
KainuuKuhmo
70%
Etelä-PohjanmaaKauhajoki
69%
LappiKeminmaa
69%
UusimaaKarkkila
68%
UusimaaKirkkonummi
65%
Pohjois-KarjalaKitee
65%
PirkanmaaKangasala
64%
LappiKolari
64%
Keski-SuomiKyyjärvi
64%
Keski-SuomiKarstula
63%
PohjanmaaKristiinankaupunki
63%
PohjanmaaKaskinen
62%
SatakuntaKankaanpää
60%
Keski-PohjanmaaKaustinen
60%
Etelä-PohjanmaaKurikka
60%
Keski-PohjanmaaKannus
58%
Keski-SuomiKivijärvi
58%
Pohjois-SavoKeitele
56%
Keski-SuomiKinnula
56%
Pohjois-SavoKiuruvesi
56%
Keski-SuomiKonnevesi
56%
PirkanmaaKuhmoinen
56%
Etelä-PohjanmaaKuortane
56%
Pohjois-SavoKaavi
55%
Varsinais-SuomiKemiönsaari
55%
Keski-SuomiKannonkoski
54%
Pohjois-PohjanmaaKärsämäki
53%
AhvenanmaaKökar
53%
Varsinais-SuomiKustavi
53%
Etelä-PohjanmaaKarijoki
52%
PirkanmaaKihniö
52%
SatakuntaKokemäki
52%
Pohjois-KarjalaKontiolahti
52%
Varsinais-SuomiKoski Tl
52%
Etelä-SavoKangasniemi
51%
SatakuntaKarvia
51%
AhvenanmaaKumlinge
51%
Päijät-HämeKärkölä
50%
PohjanmaaKruunupyy
49%
PohjanmaaKorsnäs
47%

Tulosjakauma

Persentiili vastausten määrän mukaan

Jokaisen tuloksen saaneiden osuus

Tuloshistoriasi

Et ole pelannut tätä visaa